Don Juan en el drama (Record no. 824)

MARC details
000 -LEADER
campo de control de longitud fija 01146nmc a2200373 a 4500
003 - IDENTIFICADOR DE NÚMERO DE CONTROL
campo de control AR-BaBNM
005 - FECHA Y HORA DE LA ÚLTIMA TRANSACCIÓN
campo de control 20251128202834.0
008 - DATOS DE LONGITUD FIJA--INFORMACIÓN GENERAL
campo de control de longitud fija 296019s1944 ||||||||||||||000 | spa||
040 ## - FUENTE DE CATALOGACIÓN
Centro/agencia transcriptor AR-BaBNM
245 10 - MENCIÓN DEL TÍTULO
Título Don Juan en el drama
260 ## - PUBLICACIÓN, DISTRIBUCIÓN, ETC.
Lugar de publicación, distribución, etc. Buenos Aires
Nombre del editor, distribuidor, etc. Futuro
Fecha de publicación, distribución, etc. 1944
300 0# - DESCRIPCIÓN FÍSICA
Extensión 582 p.
490 #0 - MENCIÓN DE SERIE
Mención de serie Teatral
500 0# - NOTA GENERAL
Nota general Contiene: El burlador de Sevilla y Convidado de piedra - Don Juan o El convidado de piedra - Don Juan Tenorio o El disoluto - El convidado de piedra - Don Juan de Marana o La caída de un ángel - Don Juan Tenorio - La última noche de Don Juan
500 0# - NOTA GENERAL
Nota general Estudio preliminar
500 0# - NOTA GENERAL
Nota general Indice general
650 #4 - PUNTO DE ACCESO ADICIONAL DE MATERIA--TÉRMINO DE MATERIA
Término de materia o nombre geográfico como elemento de entrada TEATRO
650 #4 - PUNTO DE ACCESO ADICIONAL DE MATERIA--TÉRMINO DE MATERIA
Término de materia o nombre geográfico como elemento de entrada RENACIMIENTO
650 #4 - PUNTO DE ACCESO ADICIONAL DE MATERIA--TÉRMINO DE MATERIA
Término de materia o nombre geográfico como elemento de entrada INVESTIGACION LITERARIA
650 #4 - PUNTO DE ACCESO ADICIONAL DE MATERIA--TÉRMINO DE MATERIA
Término de materia o nombre geográfico como elemento de entrada HISTORIA LITERARIA
651 #4 - PUNTO DE ACCESO ADICIONAL DE MATERIA--NOMBRE GEOGRÁFICO
Nombre geográfico Francia
651 #4 - PUNTO DE ACCESO ADICIONAL DE MATERIA--NOMBRE GEOGRÁFICO
Nombre geográfico España
655 ## - TERMINO DE INDIZACIÓN--GENERO/FORMA
Datos o término principal de género/forma LITERATURA
700 1# - ENTRADA AGREGADA--NOMBRE PERSONAL
Nombre de persona Grau, Jacinto
700 0# - ENTRADA AGREGADA--NOMBRE PERSONAL
Nombre de persona Tirso de Molina
700 0# - ENTRADA AGREGADA--NOMBRE PERSONAL
Nombre de persona Molière
700 1# - ENTRADA AGREGADA--NOMBRE PERSONAL
Nombre de persona Pushkin, Aleksandr Sergeevich
700 1# - ENTRADA AGREGADA--NOMBRE PERSONAL
Nombre de persona Goldoni, Carlo
700 1# - ENTRADA AGREGADA--NOMBRE PERSONAL
Nombre de persona Dumas, Alexandre
700 1# - ENTRADA AGREGADA--NOMBRE PERSONAL
Nombre de persona Rostand, Edmond
800 1# - PUNTO DE ACCESO ADICIONAL DE SERIE--NOMBRE DE PERSONA
Nombre de persona Palant, Pablo
Término indicativo de función/relación director
942 ## - ELEMENTOS DE ENTRADA SECUNDARIOS (KOHA)
Tipo de ítem Koha Libros
998 ## - INFORMACIÓN DE CONTROL LOCAL (RLIN)
Iniciales del catalogador, CIN (RLIN) isola
Holdings
Estatus retirado Estado de pérdida Fuente de la clasificación o esquema de estantería Estado de daño Restricciones de uso No para préstamo Biblioteca de origen Biblioteca actual Fecha de adquisición Total de préstamos Signatura topográfica completa Código de barras Visto por última vez Precio de reemplazo Tipo de ítem Koha
    Clasificación Decimal Dewey   Acceso restringido No para préstamo Liberty Liberty 28/11/2025   82-82 GRA 040300 28/11/2025 28/11/2025 Libros